Handbuch der Laplace-Transformation /

Guardado en:
Autor Principal: Doetsch, Gustav, 1892-
Formato: Libro
Idioma:German
Publicado: Basel : Birkhäuser, 1950-1956.
Series:Lehrbücher und Monographien aus dem Gebiete der exakten Wissenschaften. Mathematische Reihe ; Bd. 14-15, 19
Etiquetas: Agregar Etiqueta
Sin Etiquetas, Sea el primero en etiquetar este registro!
LEADER 01254nam a22002775a 4500
001 MAT.inmabb001563
008 031124m19501956sz#######b####001#0#ger#d
005 20130320094057.0
245 1 0 |a Handbuch der Laplace-Transformation /  |c von Gustav Doetsch. 
260 |a Basel :  |b Birkhäuser,  |c 1950-1956. 
300 |a 3 v. ;  |c 25 cm. 
440 0 |a Lehrbücher und Monographien aus dem Gebiete der exakten Wissenschaften.  |p Mathematische Reihe ;  |v Bd. 14-15, 19 
500 |a Publicado originalmente como: Theorie und Anwendung der Laplace-Transformation. Berlin : Springer, 1937. 
504 |a Incluye referencias bibliográficas. 
505 0 |a Bd. 1. Theorie der Laplace-Transformation -- Bd 2-3. Anwendungen der Laplace-Transformation. 
500 |a Vol. 1 y 2 contienen hoja suelta con errata. 
500 |a La biblioteca posee vols. 1 y 2.  |5 AR-BbIMB 
510 4 |a MR,  |c 13,230f  |3 (Bd. 1) 
510 4 |a MR,  |c 18,35a  |3 (Bd. 2) 
510 4 |a MR,  |c 18,894c  |3 (Bd. 3) 
100 1 |a Doetsch, Gustav,  |d 1892- 
700 1 |a Doetsch, Gustav,  |d 1892-  |t Theorie und Anwendung der Laplace-Transformation.  |4 ant 
084 |a 44A10  |2 msc2000 
010 |a  51003658  
859 |h 44  |i D653  |p A-1939  |v 1  |3 Band 1  |b BIB. MATEMATICA 
859 |h 44  |i D653  |p A-1940  |v 2  |3 Band 2  |b BIB. MATEMATICA